000 01051cam a2200253 a 4500
008
020 _a1860581269(hbk. )
049 _aMAIN
090 0 _aTL709 GAS
245 0 0 _aGas turbines :
_breducing time and cost from concept to product
_corganized by the Aerospace Industries Division of the Institution of Mechanical Engineers.
260 _aBury St. Edmunds, :
_bMechanical Engineering Publications Ltd. for the Institution of Mechanical Engineers,
_c1997.
300 _a75 p. :
_bill. ;
_c25 cm.
440 0 _aIMechE seminar publication,
_x1357-9193 ;
_v1997-13
500 _aIncludes index.
504 _aIncludes bibliographical references.
650 0 _aAircraft gas-turbines
_vCongresses.
650 0 _aProduction management
_xData processing
_vCongresses.
710 2 _aInstitution of Mechanical Engineers (Great Britain).
_bAerospace Industries Division.
907 _a.b10191112
_b10-09-07
_c08-02-06
003
005 20230123134205.0
040 _cNUST
942 _cBOOKS
_kTL709 GAS
999 _c161597
_d161597